| 000 | 00900cam a2200253 4500 | ||
|---|---|---|---|
| 001 | J1131 | ||
| 008 | 090401t1991 xxu||||| |||| 00| 0 eng d | ||
| 035 | _a(Sirsi) u41936 | ||
| 041 | _aeng | ||
| 050 | _a692.9 | ||
| 090 | _aJCT 1991/12A | ||
| 110 |
_aJoint Contracts Tribunal _93664 |
||
| 245 | _aNominated sub-contract conditions (NSC/C): standard conditions of nominated sub-contract referred to in the Articles of Nominated Sub-contract Agreement (Agreement NSC/A) Article 1.3 and which are by that Article incorporated in the nominated sub-contract. | ||
| 260 |
_aLondon _bBuilding Employers Confederation _c1991 |
||
| 300 | _a68p. ; 30cm. | ||
| 350 | _a10 | ||
| 650 | _aJCT STANDARD FORMS OF NOMINATED SUB-CONTRACT 1980 | ||
| 650 | _aNSCA | ||
| 650 | _aNSCC | ||
| 650 | _aSUBCONTRACTS | ||
| 690 | _aBUILT ENVIRONMENT-BUILDING CONTRACT FORMS | ||
| 942 | _n0 | ||
| 948 | _c04/03/1997 | ||
| 999 |
_c91006 _d91006 |
||